| 000 | 01146nam a2200349 a 4500 | ||
|---|---|---|---|
| 999 |
_c7508 _d7508 |
||
| 001 | 991001905579706706 | ||
| 003 | OSt | ||
| 005 | 20211209120600.0 | ||
| 008 | 050527s1987 spc|||||||||||00| ||spa | ||
| 015 |
_aLL2005 _2bnc |
||
| 017 |
_aDL B. 26873-1987 _bBiblioteca de Catalunya |
||
| 020 | _a8432044067 | ||
| 035 | _a(ES-BaCBU)b10419901-34csuc_network | ||
| 035 | _a(ES-BaCBU).b10419901 | ||
| 035 | _a(ccuc001)b10419901 | ||
| 035 | _a(OCoLC)801927747 | ||
| 040 |
_aES-BaBC _bcat _cCDMR |
||
| 080 | _a929 | ||
| 100 | 1 | _aSoler Serrano, Joaquín. | |
| 245 | 1 | 0 |
_aPersonajes a fondo / _cJoaquín Soler Serrano ; prólogo de Camilo José Cela |
| 260 |
_aBarcelona : _bPlaneta, _c1987 |
||
| 300 |
_aVIII, 319 p. : _bil. ; _c21 cm |
||
| 490 | 1 |
_aDocumento ; _v223 |
|
| 650 | 0 |
_aIntervius televisius _94640 |
|
| 700 | 1 |
_aCela, Camilo José _91298 |
|
| 830 | 0 |
_aDocumento (Editorial Planeta) ; _v223 |
|
| 907 |
_a.b10419901 _b15-06-21 _c06-05-08 _d07-05-08 _em _fa _g- _hspa _ispc _j0 _k5 |
||
| 908 |
_aBC _aBPA _aUB _aURV |
||
| 940 | _aBC | ||
| 942 |
_2udc _cMON |
||
| 949 |
_a1000061848 _b147-7-31 _c1 _d0 _e0 _f19.11.04 _g1 _k1000 _m19.11.04 _n19.11.04 _o0 |
||